[Event "ABC 2025 Groep C"]
[Site "Utrecht"]
[Date "2025.03.15"]
[Round "2.6"]
[White "Seth, Aakrit"]
[Black "Srivatsa, Kirtin"]
[Result "1-0"]
[WhiteFideId "9032397"]
[BlackFideId "8983249"]
[WhiteElo "1887"]
[BlackElo "1749"]

1. d4 {[%clk 00:55:18]} {[%emt 00:00:01]} Nf6 {[%clk 00:55:13]} {[%emt
00:00:07]} 2. Bf4 {[%clk 00:55:23]} {[%emt 00:00:05]} d5 {[%clk 00:54:33]}
{[%emt 00:00:50]} 3. e3 {[%clk 00:55:29]} {[%emt 00:00:06]} Bf5 {[%clk
00:53:48]} {[%emt 00:00:53]} 4. Bd3 {[%clk 00:55:12]} {[%emt 00:00:26]} Bg6
{[%clk 00:52:38]} {[%emt 00:01:22]} 5. Nf3 {[%clk 00:54:34]} {[%emt 00:00:47]}
e6 {[%clk 00:51:40]} {[%emt 00:01:08]} 6. h3 {[%clk 00:51:10]} {[%emt
00:03:33]} Bd6 {[%clk 00:49:33]} {[%emt 00:02:17]} 7. Ne5 {[%clk 00:50:40]}
{[%emt 00:00:41]} c6 {[%clk 00:47:56]} {[%emt 00:01:48]} 8. O-O {[%clk
00:50:05]} {[%emt 00:00:44]} Qc7 {[%clk 00:47:26]} {[%emt 00:00:43]} 9. Nxg6
{[%clk 00:47:55]} {[%emt 00:02:17]} hxg6 {[%clk 00:46:53]} {[%emt 00:00:41]} 10.
Bxd6 {[%clk 00:47:47]} {[%emt 00:00:20]} Qxd6 {[%clk 00:46:55]} {[%emt
00:00:08]} 11. Nd2 {[%clk 00:47:44]} {[%emt 00:00:13]} g5 {[%clk 00:43:31]}
{[%emt 00:03:33]} 12. f4 {[%clk 00:45:26]} {[%emt 00:02:29]} gxf4 {[%clk
00:42:55]} {[%emt 00:00:46]} 13. exf4 {[%clk 00:45:00]} {[%emt 00:00:35]} Nbd7
{[%clk 00:40:53]} {[%emt 00:02:12]} 14. c3 {[%clk 00:44:23]} {[%emt 00:00:48]}
O-O-O {[%clk 00:39:56]} {[%emt 00:01:07]} 15. b4 {[%clk 00:44:19]} {[%emt
00:00:14]} Rh4 {[%clk 00:37:26]} {[%emt 00:02:40]} 16. f5 {[%clk 00:39:39]}
{[%emt 00:04:50]} Rxh3 {[%clk 00:30:00]} {[%emt 00:07:35]} 17. Nf3 {[%clk
00:34:05]} {[%emt 00:05:44]} Rdh8 {[%clk 00:24:46]} {[%emt 00:05:25]} 18. Qe1
{[%clk 00:27:24]} {[%emt 00:06:51]} Rh1+ {[%clk 00:16:23]} {[%emt 00:08:34]} 19.
Kf2 {[%clk 00:27:31]} {[%emt 00:00:03]} Ng4+ {[%clk 00:16:18]} {[%emt
00:00:14]} 20. Ke2 {[%clk 00:27:20]} {[%emt 00:00:21]} exf5 {[%clk 00:15:22]}
{[%emt 00:01:06]} 21. Rxh1 {[%clk 00:26:06]} {[%emt 00:01:23]} Re8+ {[%clk
00:14:40]} {[%emt 00:00:54]} 22. Ne5 {[%clk 00:24:19]} {[%emt 00:01:57]} f6
{[%clk 00:11:50]} {[%emt 00:03:00]} 23. Kd2 {[%clk 00:23:08]} {[%emt 00:01:19]}
fxe5 {[%clk 00:11:11]} {[%emt 00:00:50]} 24. Bxf5 {[%clk 00:22:35]} {[%emt
00:00:42]} Ngf6 {[%clk 00:09:04]} {[%emt 00:02:18]} 25. Qg3 {[%clk 00:13:35]}
{[%emt 00:09:09]} Kd8 {[%clk 00:05:21]} {[%emt 00:03:55]} 26. Rae1 {[%clk
00:11:07]} {[%emt 00:02:38]} Nb6 {[%clk 00:04:02]} {[%emt 00:01:29]} 27. Qxg7
{[%clk 00:08:39]} {[%emt 00:02:38]} Rg8 {[%clk 00:02:33]} {[%emt 00:01:39]} 28.
Rh8 {[%clk 00:08:31]} {[%emt 00:00:17]} Nc4+ {[%clk 00:01:56]} {[%emt
00:00:47]} 29. Kc1 {[%clk 00:08:26]} {[%emt 00:00:15]} Rxh8 {[%clk 00:00:38]}
{[%emt 00:01:28]} 30. Qxh8+ {[%clk 00:08:32]} {[%emt 00:00:05]} Kc7 {[%clk
00:00:46]} {[%emt 00:00:02]} 31. Qc8+ {[%clk 00:07:51]} {[%emt 00:00:51]} Kb6
{[%clk 00:00:55]} {[%emt 00:00:01]} 32. dxe5 {[%clk 00:07:34]} {[%emt
00:00:27]} Nxe5 {[%clk 00:00:37]} {[%emt 00:00:28]} 33. Bc2 {[%clk 00:05:24]}
{[%emt 00:02:18]} Nc4 {[%clk 00:00:28]} {[%emt 00:00:20]} 34. Qf5 {[%clk
00:04:47]} {[%emt 00:00:38]} Ne4 {[%emt 00:00:38]} 35. Bxe4 {[%clk 00:04:25]}
{[%emt 00:00:30]} Qh6+ {[%clk 00:00:20]} 36. Kb1 {[%clk 00:00:52]} {[%emt
00:03:44]} Nd2+ {[%clk 00:00:29]} {[%emt 00:00:01]} 37. Kc2 {[%clk 00:00:16]}
{[%emt 00:00:45]} Nxe4 {[%clk 00:00:38]} {[%emt 00:00:01]} 38. Rxe4 {[%clk
00:00:18]} {[%emt 00:00:09]} dxe4 {[%clk 00:00:46]} {[%emt 00:00:02]} 39. Qxe4
{[%clk 00:00:24]} {[%emt 00:00:03]} Qg5 {[%clk 00:00:54]} {[%emt 00:00:02]} 40.
g4 {[%clk 00:00:28]} {[%emt 00:00:06]} Kc7 {[%clk 00:01:03]} {[%emt 00:00:02]}
41. a4 {[%clk 00:00:28]} {[%emt 00:00:10]} a6 {[%clk 00:01:06]} {[%emt
00:00:07]} 42. Qh7+ {[%clk 00:00:26]} {[%emt 00:00:11]} Kb6 {[%clk 00:01:09]}
{[%emt 00:00:08]} 43. Qe4 {[%clk 00:00:28]} {[%emt 00:00:07]} a5 {[%clk
00:01:14]} {[%emt 00:00:06]} 44. bxa5+ {[%clk 00:00:26]} {[%emt 00:00:11]} Qxa5
{[%clk 00:01:20]} {[%emt 00:00:04]} 45. Qb4+ {[%clk 00:00:32]} {[%emt
00:00:04]} Qxb4 {[%clk 00:01:24]} {[%emt 00:00:07]} 46. cxb4 {[%clk 00:00:42]}
Kc7 {[%clk 00:01:33]} {[%emt 00:00:02]} 47. Kd3 {[%clk 00:00:50]} {[%emt
00:00:01]} Kd6 {[%clk 00:01:42]} {[%emt 00:00:01]} 48. Kd4 {[%clk 00:01:00]}
Ke6 {[%clk 00:01:51]} 49. Ke4 {[%clk 00:01:09]} b6 {[%clk 00:01:56]} {[%emt
00:00:04]} 50. a5 {[%clk 00:01:15]} {[%emt 00:00:04]} 1-0

[Event "ABC 2025 Groep C"]
[Site "Utrecht"]
[Date "2025.03.15"]
[Round "2.7"]
[White "Kshirsagar, Parth"]
[Black "Stoppels, Victor"]
[Result "1/2-1/2"]
[WhiteFideId "8887758"]
[BlackFideId "8759894"]
[WhiteElo "1846"]
[BlackElo "1737"]

1. d4 {[%clk 00:55:18]} {[%emt 00:00:02]} Nf6 {[%clk 00:55:16]} {[%emt
00:00:05]} 2. c4 {[%clk 00:55:25]} {[%emt 00:00:06]} e6 {[%clk 00:55:10]}
{[%emt 00:00:14]} 3. Nf3 {[%clk 00:55:11]} {[%emt 00:00:22]} d5 {[%clk
00:55:00]} {[%emt 00:00:21]} 4. e3 {[%clk 00:54:21]} {[%emt 00:00:59]} c5
{[%clk 00:54:28]} {[%emt 00:00:42]} 5. Nc3 {[%clk 00:52:57]} {[%emt 00:01:34]}
cxd4 {[%clk 00:54:11]} {[%emt 00:00:27]} 6. Qxd4 {[%clk 00:51:52]} {[%emt
00:01:15]} Nc6 {[%clk 00:53:50]} {[%emt 00:00:32]} 7. Qd1 {[%clk 00:51:47]}
{[%emt 00:00:12]} Bb4 {[%clk 00:53:42]} {[%emt 00:00:19]} 8. Bd2 {[%clk
00:48:42]} {[%emt 00:03:15]} O-O {[%clk 00:52:26]} {[%emt 00:01:26]} 9. cxd5
{[%clk 00:46:44]} {[%emt 00:02:07]} Nxd5 {[%clk 00:51:16]} {[%emt 00:01:21]} 10.
Nxd5 {[%clk 00:44:53]} {[%emt 00:02:00]} Bxd2+ {[%clk 00:51:16]} {[%emt
00:00:10]} 11. Qxd2 {[%clk 00:44:33]} {[%emt 00:00:31]} Qxd5 {[%clk 00:51:10]}
{[%emt 00:00:16]} 12. Qxd5 {[%clk 00:44:19]} {[%emt 00:00:24]} exd5 {[%clk
00:51:13]} {[%emt 00:00:06]} 13. Bb5 {[%clk 00:42:45]} {[%emt 00:01:46]} Bg4
{[%clk 00:49:59]} {[%emt 00:01:23]} 14. Be2 {[%clk 00:40:08]} {[%emt 00:02:47]}
Rac8 {[%clk 00:48:36]} {[%emt 00:01:32]} 15. O-O {[%clk 00:38:19]} {[%emt
00:01:59]} Ne5 {[%clk 00:45:50]} {[%emt 00:02:56]} 16. Nxe5 {[%clk 00:28:43]}
{[%emt 00:09:46]} Bxe2 {[%clk 00:45:38]} {[%emt 00:00:22]} 17. Rfc1 {[%clk
00:28:48]} {[%emt 00:00:06]} f6 {[%clk 00:43:35]} {[%emt 00:02:12]} 18. Nd7
{[%clk 00:26:26]} {[%emt 00:02:33]} Rfe8 {[%clk 00:39:29]} {[%emt 00:04:16]} 19.
Nc5 {[%clk 00:24:23]} {[%emt 00:02:13]} Re7 {[%clk 00:37:58]} {[%emt 00:01:41]}
20. Nb3 {[%clk 00:23:00]} {[%emt 00:01:33]} Rec7 {[%clk 00:32:24]} {[%emt
00:05:44]} 21. Rxc7 {[%clk 00:22:40]} {[%emt 00:00:31]} Rxc7 {[%clk 00:32:26]}
{[%emt 00:00:06]} 22. Rc1 {[%clk 00:22:48]} {[%emt 00:00:03]} Rxc1+ {[%clk
00:31:51]} {[%emt 00:00:44]} 23. Nxc1 {[%clk 00:22:52]} {[%emt 00:00:06]} Bc4
{[%clk 00:31:55]} {[%emt 00:00:07]} 24. b3 {[%clk 00:21:12]} {[%emt 00:01:51]}
Ba6 {[%clk 00:31:25]} {[%emt 00:00:39]} 25. f3 {[%clk 00:20:46]} {[%emt
00:00:36]} Kf7 {[%clk 00:31:07]} {[%emt 00:00:27]} 26. Kf2 {[%clk 00:20:34]}
{[%emt 00:00:22]} Ke6 {[%clk 00:30:55]} {[%emt 00:00:23]} 27. a3 {[%clk
00:20:37]} {[%emt 00:00:07]} Ke5 {[%clk 00:29:17]} {[%emt 00:01:47]} 28. Na2
{[%clk 00:18:27]} {[%emt 00:02:21]} Bd3 {[%clk 00:25:31]} {[%emt 00:03:56]} 29.
Nc3 {[%clk 00:13:48]} {[%emt 00:04:49]} d4 {[%clk 00:23:29]} {[%emt 00:02:12]}
30. f4+ {[%clk 00:10:52]} {[%emt 00:03:06]} Kf5 {[%clk 00:20:57]} {[%emt
00:02:41]} 31. exd4 {[%clk 00:10:57]} {[%emt 00:00:06]} Kxf4 {[%clk 00:20:40]}
{[%emt 00:00:26]} 32. d5 {[%clk 00:09:44]} {[%emt 00:01:24]} Ke5 {[%clk
00:20:19]} {[%emt 00:00:31]} 33. Ke3 {[%clk 00:08:46]} {[%emt 00:01:08]} Bc2
{[%clk 00:19:57]} {[%emt 00:00:32]} 34. b4 {[%clk 00:06:43]} {[%emt 00:02:14]}
Bb3 {[%clk 00:19:50]} {[%emt 00:00:16]} 35. d6 {[%clk 00:06:48]} {[%emt
00:00:06]} Kxd6 {[%clk 00:19:25]} {[%emt 00:00:34]} 36. Nb5+ {[%clk 00:06:51]}
{[%emt 00:00:07]} Kd7 {[%clk 00:19:00]} {[%emt 00:00:33]} 37. Nxa7 {[%clk
00:05:58]} {[%emt 00:01:06]} Ba4 {[%clk 00:18:51]} {[%emt 00:00:19]} 38. Kd4
{[%clk 00:05:16]} {[%emt 00:00:51]} Kc7 {[%clk 00:17:31]} {[%emt 00:01:30]} 39.
Kc4 {[%clk 00:04:49]} {[%emt 00:00:38]} g5 {[%clk 00:15:43]} {[%emt 00:01:58]}
40. b5 {[%clk 00:03:13]} {[%emt 00:01:46]} Bd1 {[%clk 00:12:11]} {[%emt
00:03:42]} 41. Kb4 {[%clk 00:02:34]} {[%emt 00:00:49]} Bg4 {[%clk 00:11:41]}
{[%emt 00:00:40]} 42. Kc5 {[%clk 00:02:00]} {[%emt 00:00:45]} b6+ {[%clk
00:10:03]} {[%emt 00:01:47]} 43. Kd5 {[%clk 00:01:36]} {[%emt 00:00:33]} Bd7
{[%clk 00:09:43]} {[%emt 00:00:30]} 44. g3 {[%clk 00:01:04]} {[%emt 00:00:43]}
h5 {[%clk 00:07:58]} {[%emt 00:01:55]} 45. Nc6 {[%clk 00:00:35]} {[%emt
00:00:39]} Bxc6+ {[%clk 00:07:34]} {[%emt 00:00:34]} 46. bxc6 {[%clk 00:00:44]}
{[%emt 00:00:01]} g4 {[%clk 00:06:01]} {[%emt 00:01:43]} 47. Ke6 {[%clk
00:00:43]} {[%emt 00:00:12]} Kxc6 {[%clk 00:05:46]} {[%emt 00:00:24]} 48. Kxf6
{[%clk 00:00:52]} Kb5 {[%clk 00:05:08]} {[%emt 00:00:49]} 49. Kg5 {[%clk
00:01:01]} {[%emt 00:00:01]} Ka4 {[%clk 00:05:07]} {[%emt 00:00:12]} 50. Kxh5
{[%clk 00:01:09]} Kxa3 {[%clk 00:05:14]} {[%emt 00:00:04]} 51. Kxg4 {[%clk
00:01:18]} {[%emt 00:00:01]} b5 {[%clk 00:05:23]} {[%emt 00:00:01]} 52. h4
{[%clk 00:01:27]} b4 {[%clk 00:05:32]} 53. h5 {[%clk 00:01:36]} b3 {[%clk
00:05:41]} {[%emt 00:00:01]} 54. h6 {[%clk 00:01:46]} b2 {[%clk 00:05:47]}
{[%emt 00:00:05]} 55. h7 {[%clk 00:01:54]} {[%emt 00:00:01]} b1=Q {[%emt
00:00:06]} 56. h8=Q {[%clk 00:02:00]} {[%emt 00:00:04]} Qe4+ {[%clk 00:05:50]}
{[%emt 00:00:10]} 57. Kg5 {[%clk 00:02:02]} {[%emt 00:00:08]} Qd5+ {[%clk
00:05:51]} {[%emt 00:00:10]} 58. Kf4 {[%clk 00:01:40]} {[%emt 00:00:32]} Qf7+
{[%clk 00:05:31]} {[%emt 00:00:30]} 59. Ke4 {[%clk 00:01:33]} {[%emt 00:00:14]}
Qg6+ {[%clk 00:05:32]} {[%emt 00:00:12]} 60. Kf3 {[%clk 00:01:40]} {[%emt
00:00:03]} Qc6 {[%clk 00:05:06]} {[%emt 00:00:36]} 61. Kf4 {[%clk 00:01:38]}
{[%emt 00:00:11]} Qc4+ {[%clk 00:05:06]} {[%emt 00:00:11]} 62. Ke3 {[%clk
00:01:40]} {[%emt 00:00:07]} Qb3 {[%clk 00:05:02]} {[%emt 00:00:14]} 63. Kf4
{[%clk 00:01:31]} {[%emt 00:00:19]} Qc4+ {[%clk 00:05:09]} {[%emt 00:00:03]}
1/2-1/2

[Event "ABC 2025 Groep C"]
[Site "Utrecht"]
[Date "2025.03.15"]
[Round "2.8"]
[White "Okita, Ryoga"]
[Black "Roersma, Dylan"]
[Result "0-1"]
[WhiteFideId "8910759"]
[BlackFideId "8962217"]
[WhiteElo "1750"]
[BlackElo "1839"]

1. e4 {[%clk 00:55:17]} {[%emt 00:00:05]} c5 {[%clk 00:55:15]} {[%emt
00:00:04]} 2. Nc3 {[%clk 00:55:24]} {[%emt 00:00:03]} Nc6 {[%clk 00:55:19]}
{[%emt 00:00:08]} 3. f4 {[%clk 00:55:29]} {[%emt 00:00:03]} g6 {[%clk
00:55:24]} {[%emt 00:00:05]} 4. Nf3 {[%clk 00:55:35]} {[%emt 00:00:04]} Bg7
{[%clk 00:55:28]} {[%emt 00:00:05]} 5. Bc4 {[%clk 00:55:37]} {[%emt 00:00:09]}
d6 {[%clk 00:55:21]} {[%emt 00:00:17]} 6. d3 {[%clk 00:55:42]} {[%emt
00:00:07]} Nf6 {[%clk 00:55:25]} {[%emt 00:00:04]} 7. O-O {[%clk 00:55:47]}
{[%emt 00:00:04]} O-O {[%clk 00:55:05]} {[%emt 00:00:31]} 8. Qe1 {[%clk
00:55:38]} {[%emt 00:00:19]} b6 {[%clk 00:53:11]} {[%emt 00:02:04]} 9. Qh4
{[%clk 00:52:29]} {[%emt 00:03:18]} Na5 {[%clk 00:44:40]} {[%emt 00:08:42]} 10.
f5 {[%clk 00:47:55]} {[%emt 00:04:44]} Nxc4 {[%clk 00:43:29]} {[%emt 00:01:21]}
11. dxc4 {[%clk 00:47:49]} {[%emt 00:00:16]} gxf5 {[%clk 00:35:09]} {[%emt
00:08:30]} 12. Bh6 {[%clk 00:39:58]} {[%emt 00:08:00]} Ne8 {[%clk 00:25:39]}
{[%emt 00:09:40]} 13. Bxg7 {[%clk 00:25:15]} {[%emt 00:14:54]} Nxg7 {[%clk
00:22:10]} {[%emt 00:03:38]} 14. Ng5 {[%clk 00:24:21]} {[%emt 00:01:04]} h5
{[%clk 00:22:12]} {[%emt 00:00:08]} 15. exf5 {[%clk 00:24:13]} {[%emt
00:00:19]} f6 {[%clk 00:20:30]} {[%emt 00:01:52]} 16. Ne6 {[%clk 00:23:49]}
{[%emt 00:00:33]} Bxe6 {[%clk 00:20:30]} {[%emt 00:00:11]} 17. fxe6 {[%clk
00:23:51]} {[%emt 00:00:07]} Nxe6 {[%clk 00:15:56]} {[%emt 00:04:44]} 18. Qxh5
{[%clk 00:23:44]} {[%emt 00:00:17]} Ng7 {[%clk 00:15:42]} {[%emt 00:00:24]} 19.
Qf3 {[%clk 00:21:16]} {[%emt 00:02:39]} Qd7 {[%clk 00:11:25]} {[%emt 00:04:27]}
20. Rfe1 {[%clk 00:21:07]} {[%emt 00:00:19]} Rae8 {[%clk 00:10:11]} {[%emt
00:01:24]} 21. Nd5 {[%clk 00:20:59]} {[%emt 00:00:18]} Rf7 {[%clk 00:08:53]}
{[%emt 00:01:28]} 22. Re3 {[%clk 00:20:02]} {[%emt 00:01:07]} Qf5 {[%clk
00:07:21]} {[%emt 00:01:42]} 23. Qe2 {[%clk 00:15:26]} {[%emt 00:04:46]} Qh5
{[%clk 00:05:29]} {[%emt 00:02:02]} 24. Nxf6+ {[%clk 00:15:01]} {[%emt
00:00:35]} Rxf6 {[%clk 00:05:27]} {[%emt 00:00:12]} 25. Qd2 {[%clk 00:13:27]}
{[%emt 00:01:45]} Rg6 {[%clk 00:05:05]} {[%emt 00:00:32]} 26. Rae1 {[%clk
00:12:47]} {[%emt 00:00:49]} Qg5 {[%clk 00:04:54]} {[%emt 00:00:22]} 27. g3
{[%clk 00:11:05]} {[%emt 00:01:52]} Kh8 {[%clk 00:03:59]} {[%emt 00:01:04]} 28.
Qg2 {[%clk 00:10:28]} {[%emt 00:00:47]} Nf5 {[%clk 00:03:53]} {[%emt 00:00:16]}
29. Rf3 {[%clk 00:09:34]} {[%emt 00:01:05]} Kg7 {[%clk 00:03:15]} {[%emt
00:00:47]} 30. Qf2 {[%clk 00:08:50]} {[%emt 00:00:53]} Rf6 {[%clk 00:03:15]}
{[%emt 00:00:11]} 31. Rf1 {[%clk 00:08:20]} {[%emt 00:00:40]} Nd4 {[%clk
00:03:09]} {[%emt 00:00:17]} 32. Rxf6 {[%clk 00:07:48]} {[%emt 00:00:42]} Qxf6
{[%clk 00:03:07]} {[%emt 00:00:12]} 33. Qe3 {[%clk 00:05:24]} {[%emt 00:02:33]}
Qe5 {[%clk 00:03:13]} {[%emt 00:00:04]} 34. Qf2 {[%clk 00:05:01]} {[%emt
00:00:33]} Ne2+ {[%clk 00:03:01]} {[%emt 00:00:22]} 35. Kh1 {[%clk 00:04:01]}
{[%emt 00:01:09]} Qe4+ {[%clk 00:03:05]} {[%emt 00:00:08]} 36. Qg2 {[%clk
00:04:04]} {[%emt 00:00:06]} Qxg2+ {[%clk 00:03:07]} {[%emt 00:00:07]} 37. Kxg2
{[%clk 00:04:12]} {[%emt 00:00:02]} Nd4 {[%clk 00:03:09]} {[%emt 00:00:09]} 38.
c3 {[%clk 00:04:21]} {[%emt 00:00:01]} Ne6 {[%clk 00:03:17]} {[%emt 00:00:02]}
39. Re1 {[%clk 00:04:20]} {[%emt 00:00:10]} Nc7 {[%clk 00:03:20]} {[%emt
00:00:08]} 40. h4 {[%clk 00:04:25]} {[%emt 00:00:05]} Kg6 {[%clk 00:03:22]}
{[%emt 00:00:08]} 41. g4 {[%clk 00:04:31]} {[%emt 00:00:03]} e5 {[%clk
00:03:26]} {[%emt 00:00:07]} 42. Kg3 {[%clk 00:04:26]} {[%emt 00:00:15]} Ne6
{[%clk 00:03:34]} {[%emt 00:00:02]} 43. Rf1 {[%clk 00:04:10]} {[%emt 00:00:26]}
Rf8 {[%clk 00:03:33]} {[%emt 00:00:11]} 44. Re1 {[%clk 00:04:13]} {[%emt
00:00:07]} Rf4 {[%clk 00:03:37]} {[%emt 00:00:06]} 45. b3 {[%clk 00:04:17]}
{[%emt 00:00:06]} Ng7 {[%clk 00:03:40]} {[%emt 00:00:07]} 46. Rd1 {[%clk
00:04:19]} {[%emt 00:00:08]} Ne8 {[%clk 00:03:41]} {[%emt 00:00:09]} 47. a3
{[%clk 00:04:17]} {[%emt 00:00:13]} Kf7 {[%clk 00:03:32]} {[%emt 00:00:18]} 48.
h5 {[%clk 00:04:04]} {[%emt 00:00:23]} Nf6 {[%clk 00:03:37]} {[%emt 00:00:05]}
49. Rxd6 {[%clk 00:03:53]} {[%emt 00:00:22]} Ne4+ {[%clk 00:03:45]} {[%emt
00:00:01]} 50. Kg2 {[%clk 00:03:58]} {[%emt 00:00:05]} Nxd6 {[%clk 00:03:43]}
{[%emt 00:00:02]} 0-1

[Event "ABC 2025 Groep C"]
[Site "Utrecht"]
[Date "2025.03.15"]
[Round "2.9"]
[White "Ma, Tim"]
[Black "Drenthen, Abel"]
[Result "1-0"]
[WhiteFideId "8933991"]
[BlackFideId "8800924"]
[WhiteElo "1821"]
[BlackElo "1726"]

1. d4 {[%clk 00:55:18]} {[%emt 00:00:02]} Nf6 {[%clk 00:55:16]} {[%emt
00:00:04]} 2. c4 {[%clk 00:55:24]} {[%emt 00:00:04]} c5 {[%clk 00:55:21]}
{[%emt 00:00:05]} 3. d5 {[%clk 00:55:28]} {[%emt 00:00:06]} b5 {[%clk
00:55:25]} {[%emt 00:00:06]} 4. cxb5 {[%clk 00:55:14]} {[%emt 00:00:24]} a6
{[%clk 00:55:30]} {[%emt 00:00:05]} 5. bxa6 {[%clk 00:55:09]} {[%emt 00:00:14]}
Bxa6 {[%clk 00:55:35]} {[%emt 00:00:07]} 6. Nc3 {[%clk 00:55:07]} {[%emt
00:00:10]} d6 {[%clk 00:55:36]} {[%emt 00:00:11]} 7. g3 {[%clk 00:55:00]}
{[%emt 00:00:15]} g6 {[%clk 00:55:37]} {[%emt 00:00:08]} 8. Bg2 {[%clk
00:54:54]} {[%emt 00:00:17]} Bg7 {[%clk 00:55:37]} {[%emt 00:00:10]} 9. Nf3
{[%clk 00:54:44]} {[%emt 00:00:21]} O-O {[%clk 00:55:37]} {[%emt 00:00:10]} 10.
O-O {[%clk 00:53:42]} {[%emt 00:01:11]} Nbd7 {[%clk 00:55:41]} {[%emt
00:00:06]} 11. Re1 {[%clk 00:53:27]} {[%emt 00:00:25]} Ng4 {[%clk 00:53:50]}
{[%emt 00:02:01]} 12. h3 {[%clk 00:52:09]} {[%emt 00:01:30]} Nge5 {[%clk
00:53:54]} {[%emt 00:00:04]} 13. Nxe5 {[%clk 00:51:46]} {[%emt 00:00:32]} Nxe5
{[%clk 00:53:54]} {[%emt 00:00:10]} 14. Bd2 {[%clk 00:50:13]} {[%emt 00:01:45]}
Qb6 {[%clk 00:47:43]} {[%emt 00:06:19]} 15. b3 {[%clk 00:45:11]} {[%emt
00:05:13]} c4 {[%clk 00:47:28]} {[%emt 00:00:26]} 16. Rb1 {[%clk 00:45:06]}
{[%emt 00:00:14]} Qd4 {[%clk 00:43:13]} {[%emt 00:04:24]} 17. e3 {[%clk
00:43:29]} {[%emt 00:01:49]} Qa7 {[%clk 00:42:52]} {[%emt 00:00:30]} 18. Bf1
{[%clk 00:30:51]} {[%emt 00:12:48]} Nd3 {[%clk 00:28:53]} {[%emt 00:14:09]} 19.
Bxd3 {[%clk 00:30:54]} {[%emt 00:00:07]} cxd3 {[%clk 00:28:58]} {[%emt
00:00:05]} 20. e4 {[%clk 00:26:50]} {[%emt 00:04:13]} Be5 {[%clk 00:25:45]}
{[%emt 00:03:23]} 21. Kg2 {[%clk 00:25:14]} {[%emt 00:01:46]} f5 {[%clk
00:20:45]} {[%emt 00:05:10]} 22. f3 {[%clk 00:21:13]} {[%emt 00:04:12]} f4
{[%clk 00:18:57]} {[%emt 00:01:58]} 23. g4 {[%clk 00:20:50]} {[%emt 00:00:32]}
h5 {[%clk 00:16:29]} {[%emt 00:02:39]} 24. Rh1 {[%clk 00:19:00]} {[%emt
00:01:59]} Bd4 {[%clk 00:14:41]} {[%emt 00:01:58]} 25. a4 {[%clk 00:16:26]}
{[%emt 00:02:45]} Bf2 {[%clk 00:14:22]} {[%emt 00:00:28]} 26. Na2 {[%clk
00:15:26]} {[%emt 00:01:11]} Bg3 {[%clk 00:14:21]} {[%emt 00:00:11]} 27. Rf1
{[%clk 00:15:24]} {[%emt 00:00:11]} Rac8 {[%clk 00:13:50]} {[%emt 00:00:42]} 28.
Nb4 {[%clk 00:14:46]} {[%emt 00:00:48]} Bb7 {[%clk 00:11:44]} {[%emt 00:02:15]}
29. Rc1 {[%clk 00:13:08]} {[%emt 00:01:49]} Rxc1 {[%clk 00:11:30]} {[%emt
00:00:24]} 30. Qxc1 {[%clk 00:13:05]} {[%emt 00:00:13]} Rc8 {[%clk 00:11:29]}
{[%emt 00:00:11]} 31. Qb2 {[%clk 00:12:52]} {[%emt 00:00:23]} Ba6 {[%clk
00:10:57]} {[%emt 00:00:43]} 32. Nxa6 {[%clk 00:11:55]} {[%emt 00:01:07]} Qxa6
{[%clk 00:10:57]} {[%emt 00:00:10]} 33. Bc3 {[%clk 00:10:45]} {[%emt 00:01:19]}
Qb6 {[%clk 00:08:34]} {[%emt 00:02:32]} 34. Rc1 {[%clk 00:04:35]} {[%emt
00:06:21]} Qe3 {[%clk 00:07:11]} {[%emt 00:01:32]} 35. Bh8 {[%clk 00:04:04]}
{[%emt 00:00:42]} Qe2+ {[%clk 00:05:01]} {[%emt 00:02:20]} 36. Qxe2 {[%clk
00:03:57]} {[%emt 00:00:17]} dxe2 {[%clk 00:05:10]} {[%emt 00:00:02]} 37. Rxc8+
{[%clk 00:03:57]} {[%emt 00:00:10]} Kf7 {[%clk 00:05:08]} {[%emt 00:00:11]} 38.
Bc3 {[%emt 00:00:36]} 1-0